| 000 | 00671nam a22001817a 4500 | ||
|---|---|---|---|
| 003 | 0 | ||
| 005 | 20260121163309.0 | ||
| 008 | 260121b xxu||||| |||| 00| 0 eng d | ||
| 020 | _a9789819800216 | ||
| 050 |
_aRM 302.5 _b.C63 2025 |
||
| 245 |
_aCobert's manual of drug safety and pharmacovigilance / _cBarton Cobert, William W. Gregory, Jean-Loup Thomas, and Catherine Baldridge. |
||
| 250 | _aFourth edition | ||
| 260 |
_aSingapore : _bWorld Scientific Publishing Co. Pte. Ltd., _c2025. |
||
| 300 |
_axxxiv, 504 pages ; _c28 cm. |
||
| 650 |
_aDrugs _vSide Effects _xHandbooks, manuals, etc. |
||
| 650 |
_aPharmacoepidemiology _vHandbooks, manuals, etc. |
||
| 942 |
_2lcc _cBK |
||
| 999 |
_c368748 _d368748 |
||